[Event "Biel Blitz"]
[Site "Biel SUI"]
[Date "2012.07.22"]
[EventDate "2012.07.22"]
[Round "1.2"]
[Result "1/2-1/2"]
[White "Alexandra Kosteniuk"]
[Black "Wang Hao"]
[WhiteElo "2472"]
[BlackElo "2739"]
[PlyCount "131"]

1. e4 c5 2. Nf3 d6 3. d4 cxd4 4. Nxd4 Nf6 5. Nc3 a6 6. Be2 e5
7. Nb3 Be7 8. O-O O-O 9. Re1 Be6 10. Bf3 Qc7 11. a4 Rc8
12. Be3 Nbd7 13. a5 Qb8 14. Na4 Bd8 15. Qd2 Rc4 16. Qd3 Rc6
17. Red1 Qc8 18. Nc3 Qc7 19. Rdc1 Rc8 20. h3 h6 21. Bd1 Rc4
22. Nd5 Bxd5 23. exd5 e4 24. Qd2 Ne5 25. Bd4 Qe7 26. Be2 R4c7
27. c3 Nxd5 28. Rd1 Nf6 29. Bb6 Rd7 30. Nd4 g6 31. Bxd8 Rdxd8
32. Qxh6 d5 33. Qg5 Re8 34. Nf5 Qe6 35. Ne3 Rcd8 36. Ra4 Nh7
37. Qg3 Nc6 38. Bg4 Qe5 39. Qxe5 Rxe5 40. Be2 f5 41. Nc2 Nf6
42. Nd4 Rc8 43. Nb3 Rc7 44. g3 g5 45. Rd2 f4 46. Bd1 Kg7
47. Nd4 f3 48. Nc2 Ne7 49. Ne3 Nf5 50. Nxf5+ Rxf5 51. Bb3 e3
52. fxe3 Ne4 53. Rf2 Nxg3 54. Bc2 Rf6 55. Rg4 Ne2+ 56. Kf1 Kh6
57. h4 gxh4 58. Rh2 Ng3+ 59. Kf2 Nf5 60. Rf4 Rcf7 61. Bxf5
Rxf5 62. Rhxh4+ Kg5 63. Rhg4+ Kh6 64. Rh4+ Kg7 65. Rhg4+ Kh6
66. Rh4+ 1/2-1/2

[Event "Chess Olympiad"]
[Site "Istanbul TUR"]
[Date "2012.08.28"]
[EventDate "2012.08.28"]
[Round "1.1"]
[Result "1-0"]
[White "Wang Hao"]
[Black "Daniel Jere"]
[WhiteElo "2726"]
[BlackElo "2382"]
[PlyCount "82"]

1. d4 Nf6 2. c4 g6 3. Nc3 Bg7 4. e4 d6 5. f3 O-O 6. Be3 Nc6
7. Nge2 a6 8. Qd2 Rb8 9. h4 h5 10. Nc1 e5 11. d5 Nd4 12. Nb3
c6 13. dxc6 bxc6 14. Nxd4 exd4 15. Bxd4 d5 16. cxd5 cxd5
17. e5 Re8 18. Be2 Nd7 19. f4 Bh6 20. Nxd5 Nxe5 21. Bc3 Bb7
22. O-O-O Bxd5 23. Qxd5 Bxf4+ 24. Kb1 Qc7 25. Qd4 Bh6 26. Rhe1
Bg7 27. Ka1 Red8 28. Qf4 Rxd1+ 29. Bxd1 Rb5 30. Bb3 Rc5
31. Qd4 Kh7 32. a3 Rc6 33. Bd5 f5 34. Qd2 Qd8 35. Rd1 Qxh4
36. Bb3 Qg4 37. Re1 Qg3 38. Qd4 Rc7 39. Bg8+ Kh8 40. Re3 Ng4
41. Qd8 Nxe3 1-0

[Event "Chess Olympiad"]
[Site "Istanbul TUR"]
[Date "2012.08.29"]
[EventDate "2012.08.28"]
[Round "2.9"]
[Result "1-0"]
[White "Wang Hao"]
[Black "Fabiano Caruana"]
[WhiteElo "2726"]
[BlackElo "2773"]
[PlyCount "107"]

1. Nf3 g6 2. e4 d6 3. d4 Nf6 4. Nc3 Bg7 5. Be2 O-O 6. O-O a6
7. a4 e6 8. e5 dxe5 9. Nxe5 Nbd7 10. Bg5 h6 11. Bh4 c5
12. Nxd7 Bxd7 13. dxc5 Bc6 14. a5 Rc8 15. b4 Rc7 16. Qxd8 Rxd8
17. Bg3 Rcd7 18. Be5 Nh5 19. Bxg7 Kxg7 20. g3 Rd4 21. Rfd1 e5
22. f3 f5 23. Rxd4 exd4 24. Rd1 f4 25. g4 Nf6 26. h4 g5 27. h5
Rd7 28. Nb1 d3 29. Rxd3 Rxd3 30. cxd3 Nd5 31. d4 Kf6 32. Kf2
Nxb4 33. Nc3 Nc2 34. d5 Bd7 35. c6 bxc6 36. Bxa6 Nb4 37. Bb7
cxd5 38. a6 Nxa6 39. Bxa6 Bc6 40. Ke2 Ke5 41. Bd3 Bb7 42. Kd2
Ba8 43. Nb5 d4 44. Ke2 Bc6 45. Bc4 Bb7 46. Nc7 Bc8 47. Ne8 Bd7
48. Ng7 Kf6 49. Nf5 Bxf5 50. gxf5 Kxf5 51. Ba6 Ke5 52. Bc8 Kd5
53. Kd3 Kc5 54. Bb7 1-0

[Event "Chess Olympiad"]
[Site "Istanbul TUR"]
[Date "2012.08.31"]
[EventDate "2012.08.28"]
[Round "4.2"]
[Result "1/2-1/2"]
[White "Vladimir Kramnik"]
[Black "Wang Hao"]
[WhiteElo "2797"]
[BlackElo "2726"]
[PlyCount "178"]

1. d4 Nf6 2. c4 e6 3. Nf3 d5 4. g3 Bb4+ 5. Bd2 Be7 6. Bg2 O-O
7. O-O c6 8. Bf4 b6 9. Nc3 Ba6 10. cxd5 cxd5 11. Rc1 Bb7
12. Ne5 Nbd7 13. Nd3 Ne8 14. e4 dxe4 15. Nxe4 Bd5 16. Nc3 Bxg2
17. Kxg2 Ndf6 18. Qf3 Nc7 19. Bxc7 Qxc7 20. d5 exd5 21. Nxd5
Qd6 22. N3f4 Nxd5 23. Nxd5 Rac8 24. Rcd1 Rfe8 25. Rfe1 Bf8
26. Ne7+ Qxe7 27. Rxe7 Rxe7 28. Qg4 Rce8 29. Rd7 a5 30. h4 g6
31. h5 Rxd7 32. Qxd7 Re6 33. Qd5 Kg7 34. f4 gxh5 35. Qg5+ Rg6
36. Qxh5 h6 37. Qe5+ Kg8 38. Kf3 Re6 39. Qd5 Rd6 40. Qb5 Re6
41. f5 Rd6 42. Ke4 Bg7 43. Qe8+ Bf8 44. Qb8 Rc6 45. Qb7 Rc4+
46. Kf3 Rb4 47. b3 a4 48. Qd5 axb3 49. axb3 Bc5 50. Kg2 Rd4
51. Qe5 Rd3 52. Qf4 Bf8 53. Qg4+ Kh7 54. Qc4 Rd2+ 55. Kf3 Kg8
56. Qb5 Bc5 57. b4 Rb2 58. Qe8+ Bf8 59. b5 Rb3+ 60. Ke4 Kg7
61. Kd5 Bc5 62. Qe5+ Kg8 63. Kc6 Re3 64. Qf4 Kg7 65. g4 Re1
66. f6+ Kh7 67. Qf5+ Kh8 68. Qc8+ Kh7 69. Qf5+ Kh8 70. g5 Re6+
71. Kd7 hxg5 72. Qxg5 Bf8 73. Qh4+ Kg8 74. Kc7 Bd6+ 75. Kd7
Bf8 76. Kc8 Re8+ 77. Kc7 Re6 78. Qd4 Kh7 79. Qd3+ Kh6 80. Qd8
Bc5 81. Qh8+ Kg6 82. Qg7+ Kf5 83. Qxf7 Rxf6 84. Qd5+ Kg6
85. Qe5 Rf7+ 86. Kc8 Rf8+ 87. Kb7 Rf7+ 88. Kc8 Rf8+ 89. Kb7
Rf7+ 1/2-1/2

[Event "Chess Olympiad"]
[Site "Istanbul TUR"]
[Date "2012.09.01"]
[EventDate "2012.08.28"]
[Round "5.9"]
[Result "1-0"]
[White "Wang Hao"]
[Black "Ehsan Ghaem Maghami"]
[WhiteElo "2726"]
[BlackElo "2579"]
[PlyCount "101"]

1. e4 e5 2. Nf3 Nc6 3. d4 exd4 4. Nxd4 Bc5 5. Nxc6 Qf6 6. Qf3
bxc6 7. Qg3 Qg6 8. Nc3 d6 9. Bd2 Ne7 10. f3 Be6 11. O-O-O Rb8
12. Bd3 f6 13. Na4 Bb4 14. Qf2 O-O 15. e5 Bf5 16. exd6 Bxd6
17. Nc5 Qf7 18. Bxf5 Nxf5 19. Kb1 Rb5 20. Ne4 Be5 21. Bc3 Nd6
22. Bxe5 Nxe4 23. fxe4 Rxe5 24. Qxa7 Rxe4 25. Rd2 Rfe8 26. b3
f5 27. Rhd1 Re1 28. Rxe1 Rxe1+ 29. Kb2 Qf6+ 30. Qd4 Kf7 31. a4
Re5 32. Qc3 Ke7 33. b4 f4 34. a5 Rb5 35. Qxf6+ Kxf6 36. c3 g5
37. Kb3 g4 38. Kc4 Ke6 39. a6 Rb8 40. Kc5 Ra8 41. Ra2 Kd7
42. a7 f3 43. gxf3 gxf3 44. h4 h5 45. c4 f2 46. Rxf2 Rxa7
47. Rf5 Kc8 48. Kxc6 Ra6+ 49. Kd5 Rh6 50. Ke5 Kd8 51. Ke4 1-0

[Event "Chess Olympiad"]
[Site "Istanbul TUR"]
[Date "2012.09.03"]
[EventDate "2012.08.28"]
[Round "6.6"]
[Result "1/2-1/2"]
[White "Bojan Kurajica"]
[Black "Wang Hao"]
[WhiteElo "2551"]
[BlackElo "2726"]
[PlyCount "130"]

1. Nf3 f5 2. d4 Nf6 3. g3 g6 4. Bg2 Bg7 5. O-O O-O 6. b3 d6
7. Bb2 c6 8. Nbd2 a5 9. Ne1 Na6 10. Nd3 Nb4 11. Nxb4 axb4
12. a3 bxa3 13. Rxa3 Rxa3 14. Bxa3 Qa5 15. Bb2 Be6 16. c4 Ra8
17. Qc2 Nd7 18. e4 Qa2 19. exf5 Bxf5 20. Qc3 Qa7 21. Ra1 Qb8
22. Rxa8 Qxa8 23. Qe3 Qa2 24. Bc3 Qc2 25. h3 h5 26. Kh2 Kf8
27. Bf1 c5 28. Be2 cxd4 29. Bxd4 Bxd4 30. Qxd4 Ne5 31. Qe3 Nc6
32. g4 hxg4 33. hxg4 Bd7 34. Ne4 Qb2 35. Kg3 Kg8 36. Ng5 Nd4
37. Bd1 Nc6 38. f4 Kg7 39. Bf3 Qf6 40. Qd2 Nd4 41. b4 b6
42. Qe3 e5 43. Ne4 Qe7 44. fxe5 dxe5 45. Nd2 Qd6 46. c5 bxc5
47. Ne4 Qe7 48. Nxc5 Bb5 49. Bd1 Qd6 50. Kf2 Bc6 51. Nd3 e4
52. Qf4 Qd8 53. Ne5 Bd5 54. Ke3 Nb5 55. Kf2 Nc3 56. Ke1 Be6
57. Bc2 Qd4 58. Nc6 Qc4 59. Qe5+ Kh7 60. Qh2+ Kg8 61. Qb8+ Kg7
62. Qe5+ Kh7 63. Qh2+ Kg8 64. Qb8+ Kh7 65. Qh2+ Kg8 1/2-1/2

[Event "Chess Olympiad"]
[Site "Istanbul TUR"]
[Date "2012.09.04"]
[EventDate "2012.08.28"]
[Round "7.2"]
[Result "1/2-1/2"]
[White "Wang Hao"]
[Black "Levon Aronian"]
[WhiteElo "2726"]
[BlackElo "2816"]
[PlyCount "60"]

1. e4 e5 2. Nf3 Nc6 3. d4 exd4 4. Nxd4 Bc5 5. Nb3 Bb6 6. Nc3
Nf6 7. Qe2 O-O 8. Bg5 Nd4 9. Qd2 Nxb3 10. axb3 h6 11. Be3 Bxe3
12. Qxe3 Re8 13. f3 c6 14. O-O-O d5 15. Qc5 Qb6 16. Qxb6 axb6
17. exd5 Ra1+ 18. Kd2 Rxd1+ 19. Kxd1 Rd8 20. Bc4 b5 21. Bd3
Nxd5 22. Nxd5 Rxd5 23. Ke2 Kf8 24. b4 Ke7 25. Ra1 Kd6 26. c3
Re5+ 27. Kf2 Rd5 28. Ke2 Re5+ 29. Kf2 Rd5 30. Ke2 Ke5 1/2-1/2

[Event "Chess Olympiad"]
[Site "Istanbul TUR"]
[Date "2012.09.05"]
[EventDate "2012.08.28"]
[Round "8.2"]
[Result "1/2-1/2"]
[White "Wang Hao"]
[Black "Teimour Radjabov"]
[WhiteElo "2726"]
[BlackElo "2788"]
[PlyCount "116"]

1. d4 Nf6 2. c4 g6 3. g3 Bg7 4. Bg2 O-O 5. Nc3 d6 6. Nf3 Nbd7
7. O-O e5 8. e4 exd4 9. Nxd4 Re8 10. h3 Nc5 11. Re1 Bd7
12. Bf4 h6 13. Rb1 a5 14. b3 a4 15. Kh2 axb3 16. axb3 h5
17. Qd2 h4 18. gxh4 Nh5 19. Bg5 Be5+ 20. f4 Qxg5 21. hxg5
Bxf4+ 22. Qxf4 Nxf4 23. Nd5 Nxd5 24. exd5 Rxe1 25. Rxe1 Ra2
26. Re3 Rd2 27. b4 Na6 28. b5 Nc5 29. Nb3 Nxb3 30. Rxb3 Rc2
31. b6 c5 32. Ra3 Rb2 33. Kg3 Kf8 34. h4 Rxb6 35. Bf3 Rb4
36. h5 gxh5 37. Bxh5 Ba4 38. Ra2 Rxc4 39. Rf2 Rc3+ 40. Kh4
Rc4+ 41. Kg3 Be8 42. g6 Rc3+ 43. Kh4 Rc1 44. gxf7 Rh1+ 45. Kg4
Rg1+ 46. Kh4 Rh1+ 47. Kg4 Ba4 48. Kg5 Bb3 49. Rf5 Bc4 50. Kf6
Rf1 51. Rxf1 Bxf1 52. Ke6 c4 53. Kxd6 Bg2 54. Kc5 c3 55. Bg6
b6+ 56. Kd4 Bxd5 57. Kxd5 c2 58. Bxc2 Kxf7 1/2-1/2

[Event "Chess Olympiad"]
[Site "Istanbul TUR"]
[Date "2012.09.06"]
[EventDate "2012.08.28"]
[Round "9.2"]
[Result "1/2-1/2"]
[White "Wesley So"]
[Black "Wang Hao"]
[WhiteElo "2652"]
[BlackElo "2726"]
[PlyCount "128"]

1. d4 Nf6 2. c4 g6 3. g3 Bg7 4. Bg2 O-O 5. Nc3 d6 6. Nf3 Nc6
7. O-O a6 8. Qd3 e5 9. dxe5 dxe5 10. Qxd8 Rxd8 11. Bg5 Re8
12. Rfd1 h6 13. Bxf6 Bxf6 14. Nd2 Nd4 15. c5 Bg7 16. c6 Nxc6
17. Nd5 Rb8 18. Nxc7 Rd8 19. Nb3 Rxd1+ 20. Rxd1 Nd4 21. Kf1
Bg4 22. Nxd4 exd4 23. h3 Bf5 24. Nd5 Bc2 25. Rd2 Bb1 26. b3
Kf8 27. Nb6 Ke7 28. Rd1 Bf5 29. Rc1 Be6 30. Na4 b5 31. Nc5 Rc8
32. Ke1 a5 33. Kd2 h5 34. h4 a4 35. bxa4 bxa4 36. a3 Bg4
37. Bb7 Rc7 38. Ba6 Bh6+ 39. f4 f6 40. Rc4 g5 41. e3 gxh4
42. gxh4 dxe3+ 43. Kxe3 Kf7 44. Nxa4 Ra7 45. Bb5 Bf8 46. Rc3
Re7+ 47. Kf2 Re4 48. Rc7+ Kg8 49. Rc4 Re2+ 50. Kg1 Rd2 51. Nc3
f5 52. a4 Be7 53. Rc8+ Kg7 54. Rc7 Kf8 55. Rc8+ Bd8 56. Be2
Kg7 57. Kf1 Bxh4 58. a5 Rd6 59. a6 Bxe2+ 60. Nxe2 Rxa6 61. Nd4
Ra5 62. Rc5 Rxc5 63. Ne6+ Kf6 64. Nxc5 Bg3 1/2-1/2

[Event "Chess Olympiad"]
[Site "Istanbul TUR"]
[Date "2012.09.09"]
[EventDate "2012.08.28"]
[Round "11.1"]
[Result "1-0"]
[White "Vassily Ivanchuk"]
[Black "Wang Hao"]
[WhiteElo "2769"]
[BlackElo "2726"]
[PlyCount "56"]

1. d4 Nf6 2. c4 e6 3. Nc3 Bb4 4. e3 O-O 5. Bd3 d5 6. Nf3 b6
7. a3 Bxc3+ 8. bxc3 c6 9. cxd5 cxd5 10. Qe2 Nc6 11. O-O Na5
12. a4 Re8 13. Ne5 Ne4 14. f3 Nd6 15. Ba3 Bb7 16. Bxd6 Qxd6
17. f4 g6 18. Qg4 Nc4 19. Qg3 Qc7 20. Bxc4 dxc4 21. f5 f6
22. fxg6 fxe5 23. Rf7 Qc6 24. gxh7+ Kxf7 25. Rf1+ Ke7 26. h8=Q
Rxh8 27. Qg7+ Kd6 28. dxe5+ Kd5 1-0

[Event "FIDE Grand Prix London"]
[Site "London ENG"]
[Date "2012.09.21"]
[EventDate "2012.09.21"]
[Round "1"]
[Result "1/2-1/2"]
[White "Wang Hao"]
[Black "Michael Adams"]
[WhiteElo "2742"]
[BlackElo "2722"]
[PlyCount "144"]

1. d4 Nf6 2. c4 e6 3. Nc3 Bb4 4. e3 O-O 5. Bd3 d5 6. Nf3 c5
7. O-O Nc6 8. a3 Ba5 9. cxd5 exd5 10. dxc5 Bxc3 11. bxc3 Bg4
12. c4 Ne5 13. cxd5 Bxf3 14. gxf3 Nxd5 15. Bb2 Nxe3 16. Bxh7+
Kxh7 17. Qb1+ Ng6 18. fxe3 Qg5+ 19. Kh1 Qxe3 20. Qf5 Qf4
21. Qh5+ Qh6 22. Qxh6+ Kxh6 23. f4 f6 24. f5 Ne5 25. Rae1 Nc6
26. Rd1 Rad8 27. Bc1+ Kh7 28. Rd6 Rde8 29. Bf4 Rf7 30. Kg2 Re4
31. Rd3 Kg8 32. Bd6 Rd7 33. Rfd1 Kf7 34. Kf3 Ra4 35. Kg3 a6
36. h3 Rc4 37. Kf3 Ra4 38. Kg3 Rc4 39. Kf3 Ne7 40. Bxe7 Rxe7
41. Rd5 Kg8 42. Rd8+ Kh7 43. R1d4 Rxd4 44. Rxd4 Re5 45. Kg4
Rxc5 46. a4 a5 47. h4 Kh6 48. Rd7 Rc4+ 49. Kg3 Rc3+ 50. Kg4
Rc4+ 51. Kg3 Rb4 52. Rf7 b6 53. Rf8 Kh7 54. Rb8 g6 55. Rb7+
Kh6 56. Rf7 gxf5 57. Rxf6+ Kg7 58. Rc6 Rg4+ 59. Kh3 Rxa4
60. Rxb6 Ra3+ 61. Kg2 a4 62. Rb7+ Kg6 63. Rb6+ Kh5 64. Rb5 Kg4
65. h5 f4 66. h6 Rh3 67. Rb4 a3 68. Ra4 a2 69. Rxa2 f3+
70. Kg1 Kg3 71. h7 Rxh7 72. Rg2+ fxg2 1/2-1/2

[Event "FIDE Grand Prix London"]
[Site "London ENG"]
[Date "2012.09.21"]
[EventDate "2012.09.21"]
[Round "1"]
[Result "1/2-1/2"]
[White "Anish Giri"]
[Black "Wang Hao"]
[WhiteElo "2730"]
[BlackElo "2742"]
[PlyCount "59"]

1. d4 d5 2. c4 c6 3. Nc3 Nf6 4. e3 g6 5. Nf3 Bg7 6. Be2 O-O
7. O-O b6 8. b4 Ne4 9. Bb2 Nxc3 10. Bxc3 Nd7 11. Qb3 Bb7
12. cxd5 cxd5 13. a4 a6 14. Ne1 Nf6 15. Ra2 Ne4 16. Ba1 Rc8
17. Nd3 e6 18. a5 b5 19. Bf3 Qe7 20. Rd1 Nd6 21. g3 Rcd8
22. Bg2 Nc4 23. Re2 Rd6 24. Bc3 Rfd8 25. f4 Bc6 26. Qb1 Na3
27. Qa1 Nc4 28. Qb1 Na3 29. Qa1 Nc4 30. Qb1 1/2-1/2

[Event "FIDE Grand Prix London"]
[Site "London ENG"]
[Date "2012.09.23"]
[EventDate "2012.09.21"]
[Round "3"]
[Result "1/2-1/2"]
[White "Wang Hao"]
[Black "Alexander Grischuk"]
[WhiteElo "2742"]
[BlackElo "2754"]
[PlyCount "86"]

1. d4 Nf6 2. c4 g6 3. Nc3 d5 4. Nf3 Bg7 5. Qb3 dxc4 6. Qxc4
O-O 7. e4 a6 8. Qa4 c5 9. dxc5 Bd7 10. Qa3 Bc6 11. Nd2 a5
12. f3 Nfd7 13. Nc4 Bd4 14. Be3 Bxe3 15. Nxe3 e6 16. Kf2 Qe7
17. Bb5 Nxc5 18. Rhd1 Qg5 19. Be2 Nba6 20. Bxa6 Nxa6 21. Ne2
Bb5 22. Nd4 Nb4 23. Ng4 h5 24. Ne3 Rfd8 25. Nxb5 Qxb5 26. Kg1
Rac8 27. h4 Qc5 28. Kh2 Qe5+ 29. Kh3 Qb5 30. Rxd8+ Rxd8
31. Rd1 Rxd1 32. Nxd1 Qf1 33. Ne3 Qh1+ 34. Kg3 Qe1+ 35. Kh3 b6
36. Qb3 Qe2 37. Qc3 Nd3 38. Qc8+ Kg7 39. Qc3+ Kh7 40. Qf6 Kg8
41. Qd8+ Kh7 42. Qf6 Kg8 43. Qd8+ Kh7 1/2-1/2

[Event "FIDE Grand Prix London"]
[Site "London ENG"]
[Date "2012.09.25"]
[EventDate "2012.09.21"]
[Round "5"]
[Result "1/2-1/2"]
[White "Wang Hao"]
[Black "Rustam Mashrukovich Kasimdzhanov"]
[WhiteElo "2742"]
[BlackElo "2684"]
[PlyCount "70"]

1. c4 c6 2. d4 d5 3. Nf3 Nf6 4. Nc3 e6 5. Bg5 h6 6. Bxf6 Qxf6
7. e3 g6 8. Ne5 Bg7 9. f4 O-O 10. Be2 c5 11. cxd5 cxd4
12. Qxd4 Nd7 13. Nf3 Qd8 14. Qd2 exd5 15. Qxd5 Qe7 16. Qd2 Nb6
17. Nd4 Re8 18. Kf2 Bg4 19. Rhe1 Qh4+ 20. Kg1 Rad8 21. g3 Qh5
22. Bxg4 Qxg4 23. Qd3 Nd5 24. Nxd5 Rxd5 25. Qb3 Qd7 26. Rad1
Bxd4 27. exd4 Rxe1+ 28. Rxe1 Rxd4 29. Qe3 Rd2 30. Re2 Rxe2
31. Qxe2 Qd4+ 32. Kg2 Qd5+ 33. Qf3 Qd2+ 34. Qf2 Qd5+ 35. Qf3
Qd2+ 1/2-1/2

[Event "FIDE Grand Prix London"]
[Site "London ENG"]
[Date "2012.09.28"]
[EventDate "2012.09.21"]
[Round "7"]
[Result "1/2-1/2"]
[White "Wang Hao"]
[Black "Veselin Topalov"]
[WhiteElo "2742"]
[BlackElo "2752"]
[PlyCount "95"]

1. d4 Nf6 2. c4 g6 3. Nc3 d5 4. Bg5 Bg7 5. Bxf6 Bxf6 6. cxd5
c5 7. dxc5 Nd7 8. Qa4 Qc7 9. Ne4 Bxb2 10. Rb1 Bg7 11. Nf3 O-O
12. Qa3 Ne5 13. Ned2 Nxf3+ 14. gxf3 Rd8 15. e4 Bd4 16. Rc1 Qe5
17. Nc4 Qf6 18. Rc2 Bd7 19. Be2 e6 20. Ne3 exd5 21. Nxd5 Qh4
22. Bc4 Be6 23. Rd2 Be5 24. Ke2 b5 25. cxb6 axb6 26. Qb3 b5
27. Qxb5 Kg7 28. Qb3 Rab8 29. Qe3 h5 30. Bb3 Bxd5 31. Bxd5 Qf6
32. Rc2 Rdc8 33. Rxc8 Rxc8 34. Rd1 Bf4 35. Qd4 Rc2+ 36. Kf1
Be5 37. Qe3 Qh4 38. f4 Qxh2 39. Qf3 Rc3 40. Rd3 Rc1+ 41. Rd1
Rxd1+ 42. Qxd1 Qxf4 43. Qd3 h4 44. Bb3 g5 45. Bd1 g4 46. Qd7
Qxe4 47. Qxg4+ Qxg4 48. Bxg4 1/2-1/2

[Event "FIDE Grand Prix London"]
[Site "London ENG"]
[Date "2012.09.29"]
[EventDate "2012.09.21"]
[Round "8"]
[Result "1/2-1/2"]
[White "Leinier Dominguez Perez"]
[Black "Wang Hao"]
[WhiteElo "2725"]
[BlackElo "2742"]
[PlyCount "107"]

1. e4 c5 2. Nf3 d6 3. d4 cxd4 4. Nxd4 Nf6 5. Nc3 Nc6 6. Bg5
Bd7 7. f3 Rc8 8. Qd2 Nxd4 9. Qxd4 Qa5 10. Qd2 h6 11. Be3 a6
12. O-O-O e5 13. Kb1 Be7 14. g4 Be6 15. h4 Rxc3 16. Qxc3 Bxa2+
17. Ka1 Qxc3 18. bxc3 Be6 19. Rb1 Bc8 20. Bc4 b5 21. Ba2 Nd7
22. Bd5 Nf6 23. Bb3 Nd7 24. c4 b4 25. Ba4 a5 26. c3 O-O
27. cxb4 axb4 28. Bc6 Nb8 29. Bd5 Na6 30. Rh2 Kh7 31. Bd2 h5
32. g5 Nc5 33. Rxb4 f6 34. gxf6 Bxf6 35. Be3 Be7 36. Rb8 Na6
37. Rxc8 Rxc8 38. Bb7 Rxc4 39. Bxa6 Rc3 40. Bb6 Ra3+ 41. Ra2
Rxf3 42. Bc4 Rf4 43. Be6 Bxh4 44. Be3 Rf3 45. Bf5+ g6 46. Ra7+
Kh8 47. Bxg6 Rxe3 48. Rh7+ Kg8 49. Rxh5 Rh3 50. Bf5 Rh2
51. Kb1 Kf8 52. Rh7 Bg3 53. Rxh2 Bxh2 54. Be6 1/2-1/2

[Event "FIDE Grand Prix London"]
[Site "London ENG"]
[Date "2012.10.01"]
[EventDate "2012.09.21"]
[Round "9"]
[Result "1/2-1/2"]
[White "Wang Hao"]
[Black "Peter Leko"]
[WhiteElo "2742"]
[BlackElo "2737"]
[PlyCount "104"]

1. d4 Nf6 2. c4 e6 3. Nc3 Bb4 4. e3 O-O 5. Bd3 d5 6. Nf3 c5
7. O-O cxd4 8. exd4 dxc4 9. Bxc4 b6 10. Qe2 Bb7 11. Rd1 Nbd7
12. d5 Bxc3 13. dxe6 Bxf3 14. gxf3 fxe6 15. bxc3 Qc7 16. Bxe6+
Kh8 17. Be3 Rae8 18. Qc4 Qb7 19. Bxd7 Nxd7 20. Qd5 Qxd5
21. Rxd5 Ne5 22. f4 Nc4 23. Bd4 Kg8 24. f5 Rd8 25. Rxd8 Rxd8
26. f6 g6 27. Re1 Nd6 28. Kg2 Rd7 29. Be5 Ne8 30. Re4 Kf7
31. c4 Rd8 32. c5 Rd5 33. Bd4 bxc5 34. Re7+ Kf8 35. Be5 h6
36. Re6 Kf7 37. Re7+ Kf8 38. f4 Nxf6 39. Bxf6 Rd6 40. Bh4 g5
41. Rxa7 gxh4 42. Kf3 c4 43. Kg4 Rc6 44. Rd7 c3 45. Rd1 Ra6
46. Rc1 Rxa2 47. Rxc3 Rxh2 48. Rh3 Rxh3 49. Kxh3 Kg7 50. Kxh4
Kf6 51. Kh5 Kf5 52. Kxh6 Kxf4 1/2-1/2

[Event "FIDE Grand Prix Tashkent"]
[Site "Tashkent UZB"]
[Date "2012.11.23"]
[EventDate "2012.11.22"]
[Round "2"]
[Result "1/2-1/2"]
[White "Wang Hao"]
[Black "Leinier Dominguez Perez"]
[WhiteElo "2737"]
[BlackElo "2726"]
[PlyCount "75"]

1. d4 Nf6 2. c4 g6 3. Nc3 d5 4. Nf3 Bg7 5. Qa4+ Bd7 6. Qb3
dxc4 7. Qxc4 O-O 8. Bf4 c6 9. e4 b5 10. Qd3 Qa5 11. Be2 c5
12. O-O b4 13. Nd1 cxd4 14. Nxd4 Rd8 15. Ne3 Ba4 16. Nb3 Bxb3
17. axb3 Rxd3 18. Rxa5 Nc6 19. Ra6 Rd2 20. Bc4 Nd4 21. Nf5
Ne2+ 22. Bxe2 Rxe2 23. Nxe7+ Kh8 24. f3 Nh5 25. Bd6 Rxb2
26. g4 Bd4+ 27. Kh1 Ng7 28. Nc6 Bc3 29. Rfa1 Rxb3 30. Rxa7
Rxa7 31. Rxa7 Ne6 32. Rxf7 Rb1+ 33. Kg2 b3 34. Rb7 b2 35. Rb8+
Kg7 36. Rb7+ Kh8 37. Rb8+ Kg7 38. Rb7+ 1/2-1/2

[Event "FIDE Grand Prix Tashkent"]
[Site "Tashkent UZB"]
[Date "2012.11.24"]
[EventDate "2012.11.22"]
[Round "3.6"]
[Result "1/2-1/2"]
[White "Sergey Karjakin"]
[Black "Wang Hao"]
[WhiteElo "2775"]
[BlackElo "2737"]
[PlyCount "149"]

1. e4 e6 2. d4 d5 3. Nc3 dxe4 4. Nxe4 Nd7 5. Nf3 Ngf6 6. Bd3
Nxe4 7. Bxe4 Nf6 8. Bg5 Qd6 9. Bd3 Qb4+ 10. Bd2 Qxb2 11. O-O
Be7 12. c4 O-O 13. Re1 Qb6 14. Bc3 Qd6 15. Ne5 b5 16. c5 Qd5
17. Bxb5 Bb7 18. f3 Qd8 19. Nc6 Bxc6 20. Bxc6 Nd5 21. Qd3 Rb8
22. Qc4 Nxc3 23. Qxc3 Bf6 24. Rad1 g6 25. Qc4 Bg7 26. d5 exd5
27. Qxd5 Qf6 28. Ba4 Rb2 29. Bb3 Qh4 30. Kh1 Qf2 31. f4 Qxf4
32. Rf1 Rf2 33. Qc4 Rxf1+ 34. Rxf1 Qxc4 35. Bxc4 h5 36. g3 Be5
37. Re1 Re8 38. Bb5 Rb8 39. a4 f6 40. Rd1 Kg7 41. Rd7+ Kh6
42. Kg2 a6 43. Bxa6 Rb2+ 44. Kh1 Rc2 45. Bf1 Rxc5 46. Rd2 Rc1
47. Kg2 Ra1 48. Bb5 c5 49. Kf3 Kg5 50. Rd5 Ra3+ 51. Ke2 h4
52. Rxc5 hxg3 53. hxg3 Kg4 54. a5 Kxg3 55. a6 Ra5 56. Rd5 g5
57. Bc4 Ra4 58. Bb5 Ra5 59. Bc4 Ra4 60. Bb5 Ra2+ 61. Rd2 Ra5
62. Bc4 f5 63. Rd5 Rxd5 64. Bxd5 Bb8 65. Be6 f4 66. Kd3 g4
67. Ke4 f3 68. Kf5 Ba7 69. Kg5 f2 70. Bc4 Kf3 71. Bd5+ Ke3
72. Bg2 g3 73. Kg4 Bb8 74. a7 Bxa7 75. Kxg3 1/2-1/2

[Event "FIDE Grand Prix Tashkent"]
[Site "Tashkent UZB"]
[Date "2012.11.25"]
[EventDate "2012.11.22"]
[Round "4.5"]
[Result "0-1"]
[White "Gata Kamsky"]
[Black "Wang Hao"]
[WhiteElo "2762"]
[BlackElo "2737"]
[PlyCount "116"]

1. d4 Nf6 2. c4 e6 3. g3 d5 4. Nf3 dxc4 5. Bg2 a6 6. Ne5 Bb4+
7. Bd2 Qxd4 8. Bxb4 Qxe5 9. Nd2 Qb5 10. Ba3 Bd7 11. Qc2 Nc6
12. Rc1 O-O-O 13. Nxc4 Kb8 14. b3 Nd4 15. Qb2 Bc6 16. f3 h5
17. h4 e5 18. e4 Bd7 19. Kf2 Be6 20. Ne3 Nd7 21. Rhe1 f6
22. f4 Qb6 23. Kg1 Rdg8 24. Qf2 g5 25. hxg5 fxg5 26. fxe5 h4
27. Nf5 Bxf5 28. exf5 hxg3 29. Qe3 Nxf5 30. Qxb6 Nxb6 31. e6
Re8 32. Bb2 Rh6 33. Rc5 Nh4 34. Be5 Na8 35. Bxg3 Nxg2 36. Kxg2
Rhxe6 37. Rxe6 Rxe6 38. Kf3 Rg6 39. Kg4 b5 40. a4 bxa4
41. bxa4 Rb6 42. Kxg5 Rb4 43. a5 Rb5 44. Rxb5+ axb5 45. Kf5
Kb7 46. Ke6 b4 47. Be1 b3 48. Bc3 Kc6 49. Ke7 Kb5 50. Ke6 Kc4
51. Be5 c5 52. Kd6 Kb4 53. Kc6 c4 54. a6 c3 55. Bxc3+ Kxc3
56. Kb7 b2 57. Kxa8 b1=Q 58. a7 Kb4 0-1

[Event "FIDE Grand Prix Tashkent"]
[Site "Tashkent UZB"]
[Date "2012.11.27"]
[EventDate "2012.11.22"]
[Round "5"]
[Result "0-1"]
[White "Wang Hao"]
[Black "Rustam Mashrukovich Kasimdzhanov"]
[WhiteElo "2737"]
[BlackElo "2696"]
[PlyCount "80"]

1. e4 e5 2. Nf3 Nc6 3. d4 exd4 4. Nxd4 Nf6 5. Nxc6 bxc6 6. e5
Qe7 7. Qe2 Nd5 8. c4 Nb6 9. Nc3 Qe6 10. Qe4 Bb4 11. Bd2 Ba6
12. b3 Bxc3 13. Bxc3 d5 14. Qf3 dxc4 15. Rc1 O-O-O 16. Be2 Kb7
17. O-O cxb3 18. Bxa6+ Kxa6 19. axb3 Kb7 20. Ra1 Rd5 21. Qe2
Rb5 22. b4 Ra8 23. Rfc1 a6 24. h3 Nd5 25. Bd2 Nxb4 26. Rc4 a5
27. f4 Qd5 28. Rac1 Rd8 29. Be3 Nd3 30. R1c2 c5 31. Ra4 Kb6
32. Rca2 Nb2 33. Qxb2 Qd1+ 34. Kh2 Qxa4 35. Bxc5+ Kb7 36. Qf2
Qb3 37. Ra3 Qc4 38. Be3 g6 39. Qe1 Rd3 40. Qe2 Rbd5 0-1

[Event "FIDE Grand Prix Tashkent"]
[Site "Tashkent UZB"]
[Date "2012.11.28"]
[EventDate "2012.11.22"]
[Round "6"]
[Result "1/2-1/2"]
[White "Peter Leko"]
[Black "Wang Hao"]
[WhiteElo "2732"]
[BlackElo "2737"]
[PlyCount "84"]

1. d4 d5 2. c4 c6 3. Nc3 Nf6 4. e3 g6 5. Nf3 Bg7 6. Be2 O-O
7. O-O e6 8. Qc2 Nbd7 9. Rd1 b6 10. b4 Bb7 11. Rb1 Re8 12. a4
Qc7 13. h3 Rac8 14. Ba3 e5 15. dxe5 Nxe5 16. Nxe5 Qxe5 17. Bb2
Qg5 18. Bf3 dxc4 19. Ne2 Re7 20. Qxc4 c5 21. Bxb7 Rxb7 22. Nf4
Rbb8 23. Rbc1 Qf5 24. g4 Qe4 25. Bxf6 Qxc4 26. Rxc4 Bxf6
27. Nd5 Bh4 28. Rdc1 Rd8 29. e4 cxb4 30. Rxb4 Rbc8 31. Rbc4
Rxc4 32. Rxc4 f5 33. f3 fxe4 34. fxe4 Bg3 35. Kg2 Bd6 36. Rc6
Kf7 37. Ne3 Ke7 38. Nc4 Bb8 39. e5 Kd7 40. Rf6 Ke7 41. Rc6 Kd7
42. Rf6 Ke7 1/2-1/2

[Event "FIDE Grand Prix Tashkent"]
[Site "Tashkent UZB"]
[Date "2012.11.29"]
[EventDate "2012.11.22"]
[Round "7"]
[Result "1/2-1/2"]
[White "Wang Hao"]
[Black "Peter Svidler"]
[WhiteElo "2737"]
[BlackElo "2747"]
[PlyCount "61"]

1. Nf3 Nf6 2. c4 g6 3. Nc3 d5 4. cxd5 Nxd5 5. Qb3 Nb6 6. d4
Bg7 7. Bf4 Be6 8. Qa3 O-O 9. e4 N8d7 10. Rd1 c6 11. Ng5 Bg4
12. Be2 Bxe2 13. Nxe2 h6 14. Nf3 Nc4 15. Qc3 Qa5 16. Qxa5 Nxa5
17. b3 b6 18. O-O Rac8 19. Rc1 c5 20. dxc5 bxc5 21. Rfd1 Nb6
22. Be3 c4 23. b4 Nc6 24. Bxb6 axb6 25. Rxc4 b5 26. Rc5 Nxb4
27. Rxb5 Nxa2 28. Rd2 Rfd8 29. Rxd8+ Rxd8 30. g3 Nc3 31. Nxc3
1/2-1/2